01792nam a2200397 a 4500001001000000003000500010005001700015008004100032010001100073011001100084040000900095090001000104100003400114245020700148260004100355500006000396502007700456502010900533590003700642590004000679590004000719650003500759650006100794650003200855650004400887650003200931700003500963856001600998856007201014901000701086942001001093942000601103999001901109952013101128952013501259000113244CHAP20220329144345.0170523s2016 mx a fsm |||||||spa d a109705 a110677 cCHAP aTesis1 aNopala Tenango, Diego913233510aEvaluación del manejo químico de Peronosclerospora sorghi [(Weston & Uppal) Shaw] para maíz (Zea mays L.) en Tepalcingo, Morelos /h[En línea]cpor Diego Nopala Tenango y Armando Nopala Tenango. aChapingo, Méx. :bEl autor,c2016. aPara ver el contenido del material haga clic en la liga aTesis (Ing. Agr. Esp. en Fitotecnia) -- UACH. Departamento de Fitotecnia aTesis (Ing. Agr. Esp. en Parasitología Agrícola) -- UACH. Departamento de Parasitología Agrícola aBATCHb00c20181121lUCH01h0758 aE8697GMMb05c20170523lUCH01h1347 aE8697GMMb05c20170523lUCH01h145714aFungicidasxToxicidad.913234514aHongos fitopatógenosxResistencia a fungicidas.95613314aMaízxCrecimiento.97092314aMaízxEnfermedades por hongos.97094114aMaízxRendimiento.9710511 aArmando Nopala Tenango9175635 a1 n0000530 aFinding aiduhthttp://10.13.5.2/tesis/sist113244.pdfzTeclea aquí aBK cTESIS n0 c109705d109705 00104054718TESISaBCbBCd2017-05-23fTESISl0oTesisp113246-10r2019-12-31 00:00:00w2019-12-31yTESISzRecien adquirido 00102local4053708TESISaBCbBCcPA_TESISd2017-05-23fTESISl0oTesisp113246-20r2019-12-31 00:00:00tc.2w2019-12-31yTESIS